| 000 | 00300cam a22000977a 4500 | ||
|---|---|---|---|
| 008 | 180718b1998 xxu||||| |||| 00| 0 eng d | ||
| 100 | _aGhosh, Arun | ||
| 245 |
_aIndia in a globalised world: issues of growth with equity and justice _cby Arun Ghosh |
||
| 260 |
_aNew Delhi _bNamedia _c1998 |
||
| 300 | _a49p. | ||
| 999 |
_c492637 _d492637 |
||